Welcome to the Holygrace Academy Library

Please use search bar below to get started

SSLC EXAMINATION BASED SPECIAL PROGRAMMES (Record no. 7925)

MARC details
000 -LEADER
fixed length control field 00325nam a22001217a 4500
082 ## - DEWEY DECIMAL CLASSIFICATION NUMBER
Classification number 894.812
Item number SIE/M
100 ## - MAIN ENTRY--AUTHOR NAME
Personal name DEPT OF EDUCATION, GOVT OF KERALA
245 ## - TITLE STATEMENT
Title SSLC EXAMINATION BASED SPECIAL PROGRAMMES
Remainder of title MALAYALAM PAPER 1 & 2
260 ## - PUBLICATION, DISTRIBUTION, ETC. (IMPRINT)
Place of publication TRIVANDRUM
Name of publisher SIET
300 ## - PHYSICAL DESCRIPTION
Other physical details VCD
650 ## - SUBJECT ADDED ENTRY--TOPICAL TERM
Topical Term MALAYALAM VCD
Geographic subdivision KERALA
942 ## - ADDED ENTRY ELEMENTS (KOHA)
Koha item type Visual Materials
Holdings
Withdrawn status Lost status Collection code Home library Current library Shelving location Date acquired Source of acquisition Cost, normal purchase price Full call number Accession Number Koha item type
    Reference Main Library Main Library Audio Visual 27/04/2006 purchase 200.00 894.812 SIE/M 02662 Books